Tokyo 2020 Olympic Medals - Net Sports - Statistics

General Stats
  • This quiz has been taken 41 times
  • The average score is 13 of 19
Answer Stats
Gold % Correct
China
97%
Germany
90%
Japan
90%
ROC
90%
Spain
90%
South Korea
87%
Indonesia
83%
India
73%
Australia
70%
Denmark
67%
Malaysia
67%
Switzerland
67%
Chinese Taipei
63%
New Zealand
63%
Brazil
57%
Czech Republic
43%
Hong Kong
43%
Croatia
40%
Ukraine
33%
No matching quizzes found
Score Distribution
Percent of People with Each Score
Percentile by Number Answered
Your Score History
You have not taken this quiz